| 000 | 00518nam a2200181Ia 4500 | ||
|---|---|---|---|
| 008 | 230917s9999||||xx |||||||||||||| ||und|| | ||
| 020 | _cUSD 125.00 (RS 9307.50) | ||
| 040 |
_e5011368 _aMAIN |
||
| 041 | _aEnglish | ||
| 082 | _a668.4 M628P(4) | ||
| 100 | _aMills, Nigel | ||
| 245 | 0 | _aPlastics: Microstructure and engineering applications | |
| 250 | _a4th ed. | ||
| 260 |
_aOxford _bButterworth-Heinemann _c2020 |
||
| 300 | _axi, 324 p. | ||
| 500 | _a4155 22/10/2021 HBD22/8981 12/11/2021 Main Budget | ||
| 942 | _cBK | ||
| 999 |
_c3121 _d3121 |
||